The black ant
| Main Author: | |
|---|---|
| Format: | Book |
| Published: |
Petaling Jaya :
Vital Star Sdn.Bhd. ,
1997
|
| Subjects: |
MARC
| LEADER | 00000cam a2200000 7i4500 | ||
|---|---|---|---|
| 001 | 0000008852 | ||
| 002 | 000009650 | ||
| 005 | 20020418.0 | ||
| 020 | |a 9830240371 | ||
| 090 | 0 | 0 | |a JF |b TAN |
| 100 | 0 | |a Tan Yan Hoon | |
| 245 | 1 | 4 | |a The black ant |c Tan Yan Hoon |
| 260 | |a Petaling Jaya : |b Vital Star Sdn.Bhd. , |c 1997 | ||
| 300 | |a 22p. : |b ill ; |c 17cm. | ||
| 650 | 0 | 0 | |a Children's stories |
| 999 | |a 045603 |b BUKU |c PINJAMAN |e PERPUSTAKAAN KOMUNITI CAW KOTA DAMANSARA | ||
| 999 | |a 045604 |b BUKU |c PINJAMAN |e PERPUSTAKAAN KOMUNITI CAW KOTA DAMANSARA | ||